LIBRARY ONLINE CATALOGUE

E-marketing / (Record no. 10178)

MARC details
000 -LEADER
fixed length control field 00658cam a22002292 4500
001 - CONTROL NUMBER
control field 0000024097
005 - DATE AND TIME OF LATEST TRANSACTION
control field 20151217152257.0
008 - FIXED-LENGTH DATA ELEMENTS--GENERAL INFORMATION
fixed length control field 130610s xx 000 0 eng d
020 ## - INTERNATIONAL STANDARD BOOK NUMBER
International Standard Book Number 0132806460 :
040 ## - CATALOGING SOURCE
Original cataloging agency KABU
Transcribing agency KABU
050 #0 - LIBRARY OF CONGRESS CALL NUMBER
Classification number HF5415.1265
Item number .S77 2012
100 1# - MAIN ENTRY--PERSONAL NAME
Personal name Strauss, Judy.
-- 0000151450
245 10 - TITLE STATEMENT
Title E-marketing /
Statement of responsibility, etc. Judy Strauss, Raymond Frost.
250 ## - EDITION STATEMENT
Edition statement 6th ed.
260 ## - PUBLICATION, DISTRIBUTION, ETC. (IMPRINT)
Place of publication, distribution, etc. Boston :
Name of publisher, distributor, etc. Pearson,
Date of publication, distribution, etc. c2012.
300 ## - PHYSICAL DESCRIPTION
Extent 448 p.
650 #0 - SUBJECT ADDED ENTRY--TOPICAL TERM
Topical term or geographic name as entry element Internet marketing.
-- 0000151441
700 1# - ADDED ENTRY--PERSONAL NAME
Personal name Frost, Raymond.
-- 0000151452
852 1# - LOCATION
-- p2005 KES
908 ## - PUT COMMAND PARAMETER (RLIN)
Put command parameter 130610
950 ## - LOCAL HOLDINGS (RLIN)
-- 1
Holdings
Withdrawn status Lost status Source of classification or shelving scheme Not for loan Home library Current library Date acquired Total Checkouts Total Renewals Full call number Barcode Date last seen Date last checked out Price effective from Koha item type
    Library of Congress Classification   Kabarak, Main Campus Kabarak, Main Campus 17/12/2015 2 1 HF5415.1265 .S77 2012 c. 1 015363 08/10/2019 07/10/2019 17/12/2015 General Collection